000 00870nam a2200277 a 4500
001 000030500
003 DO-SdBNP
005 20220706134946.0
007 ta
008 110523s2011 dr c 000 p spa d
020 _a9789945163940
040 _aDO-SdBNP
_bspa
_cBNPHU
082 4 _aRD861.44
_bJ61e
_222
100 1 _aJiménez, Miguel Antonio,
_d1955-
_921801
245 1 0 _aEntre el ser y el otoño /
_cMiguel Antonio Jiménez.
260 _aSanto Domingo :
_bBúho,
_c2011.
300 _a401 p. :
_bil., retrs. ;
_c22 cm.
490 1 _aHorizonte;
_v1
490 1 _aTaller Literario César Vallejo
500 _aIncluye datos biográficos del autor en la solapas.
590 _aInventariado, 2018/LP
830 0 _aHorizonte ;
_n1
_943666
830 0 _aTaller Literario César Vallejo.
_943665
910 _aValidado. Control de calidad MFF
942 _2ddc
_cLBS1
999 _c29992
_d29992